A study on financial performance analysis of Panathady service Co-operative Bank ltd. Poodamkallu kerala / (Record no. 230813)
[ view plain ]
| 000 -LEADER | |
|---|---|
| fixed length control field | 00517nam a22001457a 4500 |
| 003 - CONTROL NUMBER IDENTIFIER | |
| control field | OSt |
| 005 - DATE AND TIME OF LATEST TRANSACTION | |
| control field | 20240528163622.0 |
| 008 - FIXED-LENGTH DATA ELEMENTS--GENERAL INFORMATION | |
| fixed length control field | 240516b ||||| |||| 00| 0 eng d |
| 040 ## - CATALOGING SOURCE | |
| Transcribing agency | AIMIT LIBRARY |
| 100 ## - MAIN ENTRY--PERSONAL NAME | |
| Personal name | SK, Abhishek. |
| 9 (RLIN) | 164902 |
| 245 ## - TITLE STATEMENT | |
| Title | A study on financial performance analysis of Panathady service Co-operative Bank ltd. Poodamkallu kerala / |
| Statement of responsibility, etc. | By Abhishek S K ; Guided by Pooja Nagpal. |
| 650 ## - SUBJECT ADDED ENTRY--TOPICAL TERM | |
| Topical term or geographic name entry element | Financial performance analysis. |
| 9 (RLIN) | 168291 |
| 700 ## - ADDED ENTRY--PERSONAL NAME | |
| Personal name | Nagpal, Pooja. |
| Relator term | Guide |
| 9 (RLIN) | 164903 |
| 942 ## - ADDED ENTRY ELEMENTS (KOHA) | |
| Source of classification or shelving scheme | Dewey Decimal Classification |
| Koha item type | Project Report |
| Withdrawn status | Lost status | Source of classification or shelving scheme | Damaged status | Not for loan | Collection code | Home library | Current library | Shelving location | Date acquired | Total Checkouts | Barcode | Date last seen | Copy number | Price effective from | Koha item type |
|---|---|---|---|---|---|---|---|---|---|---|---|---|---|---|---|
| Dewey Decimal Classification | Not for loan | Project Report MBA | St Aloysius Institute of Management & Information Technology | St Aloysius Institute of Management & Information Technology | Dissertations | 05/16/2024 | PRB01859 | 05/16/2024 | 2016002 | 05/16/2024 | Project Report |